| 000 | 00414nam a22001457a 4500 | ||
|---|---|---|---|
| 050 |
_a154.2 _b.B44 1979 |
||
| 100 | _aBeecher,judith A. | ||
| 245 |
_aStudent 's guide to margin exercises for intermediate algebra _cJudith A. Beecher,Keedy-Bittinger |
||
| 250 | _a3rd.ed. | ||
| 260 |
_aCanada _bAddson-wesley publishing co |
||
| 300 | _a161p. | ||
| 500 | _astudent's guide book | ||
| 650 | _balgebra. | ||
| 942 | _cGEN | ||
| 999 |
_c2429 _d2429 |
||